Power and policy in Communist systems /

Bibliographic Details
Main Author: Bertsch, Gary K.
Format: Book
Language:English
Published: New York : Wiley, [1982]
Edition:2nd ed.
Subjects:

MARC

Tag First Indicator Second Indicator Subfields
LEADER 00000pam a2200000 a 4500
001 in00000082308
005 20151008061126.0
008 811105s1982 nyua b 00110 eng
010 |a  81019715   |z  81019717  
020 |a 0471090050 
035 |a (OCoLC)07978116 
035 |9 AAJ7359AM 
039 0 |a 2  |b 3  |c 3  |d 3  |e 3 
040 |a DLC  |c DLC  |d TXA  |d UtOrBLW 
049 |a TXAM  |c [1196749] 
050 0 0 |a JC474  |b .B448 1982 
082 0 |a 320.9171/7  |2 19 
100 1 |a Bertsch, Gary K. 
245 1 0 |a Power and policy in Communist systems /  |c Gary K. Bertsch. 
250 |a 2nd ed. 
264 1 |a New York :  |b Wiley,  |c [1982] 
264 4 |c ©1982 
300 |a x, 192 pages :  |b illustrations ;  |c 24 cm. 
336 |a text  |b txt  |2 rdacontent 
337 |a unmediated  |b n  |2 rdamedia 
338 |a volume  |b nc  |2 rdacarrier 
504 |a Includes bibliographies and index. 
650 0 |a Communist state. 
651 0 |a Communist countries  |x Politics and government. 
999 |a MARS 
999 f f |s 83408ff0-fc17-3deb-b6c7-aa98d73e7c07  |i 43b693f0-3fa9-365d-a222-5f250fe39c3a  |t 0 
952 f f |p ric  |a Texas A&M University  |b Rellis Campus  |c Joint Library Facility  |d Remote Storage  |t 0  |e JC474 .B448 1982  |h Library of Congress classification  |i unmediated -- volume  |m A14806149825 
998 f f |a JC474 .B448 1982  |t 0  |l Remote Storage